Sports Quiz

Random Sports or NFL Quiz

NFL Pro Bowl RBs (Since 2000) Quiz Stats

 Plays Quiz Updated Oct 31, 2018

Challenge
Share
Tweet
Embed
Score 0/66 Timer 06:00
1 Play Today
# of Pro Bowls Player % Correct
5LaDainian Tomlinson
91%
3Chris Johnson
90%
2Larry Johnson
89.1%
6Adrian Peterson
88.9%
1Rudi Johnson
88.5%
1Thomas Jones
83.4%
1David Johnson
79%
1Ricky Williams
78.8%
1DeAngelo Williams
78.5%
1Le'Veon Bell
77.6%
1Emmitt Smith
76.3%
1Robert Smith
75.8%
3Shaun Alexander
74.6%
2Steven Jackson
72.1%
2Tiki Barber
71.8%
4Edgerrin James
71.8%
3Marshall Faulk
69.4%
3Frank Gore
68.8%
2Doug Martin
66%
2Clinton Portis
65.4%
3Priest Holmes
65.2%
3LeSean McCoy
64.2%
3Ahman Green
64.1%
2Jerome Bettis
63.8%
3DeMarco Murray
63.6%
3Maurice Jones-Drew
61.4%
1Latavius Murray
59.9%
2Curtis Martin
59.7%
2Matt Forte
59.6%
1Ronnie Brown
58.6%
1Ezekiel Elliott
58.4%
2Brian Westbrook
57.7%
2Michael Turner
57.7%
# of Pro Bowls Player % Correct
2Ray Rice
54.9%
3Stephen Davis
54.5%
1Joseph Addai
53.4%
4Corey Dillon
52.9%
1Fred Taylor
52%
2Mark Ingram, Jr.
51.8%
2Willie Parker
50.5%
2Todd Gurley
47%
1Alvin Kamara
46.4%
2Warrick Dunn
45.7%
3Marshawn Lynch
44.9%
1Kareem Hunt
43.9%
1Eddie George
43.4%
1CJ Anderson
43%
2Willis McGahee
42.6%
2Deuce McAllister
38.3%
1Devonta Freeman
36.8%
1Jay Ajayi
31.1%
1Melvin Gordon
29.7%
1CJ Spiller
29%
1Eddie Lacy
28.6%
2Alfred Morris
28.5%
1Jordan Howard
28.4%
3Arian Foster
27.3%
3Darren Sproles
25.6%
4Jamaal Charles
24.1%
1Chris Ivory
20.8%
1Travis Henry
20.5%
1Justin Forsett
15.4%
1Charlie Garner
12.4%
1Michael Bennett
10.7%
1Ryan Matthews
10%
1Leon Washington
3.4%

You're not logged in!

Compare scores with friends on all Sporcle quizzes.
OR
Log In

You Might Also Like...

Show Comments

Extras

Top Quizzes Today


Score Distribution

Your Account Isn't Verified!

In order to create a playlist on Sporcle, you need to verify the email address you used during registration. Go to your Sporcle Settings to finish the process.

Report this User

Report this user for behavior that violates our Community Guidelines.

Details: